Central Library OPAC University of Rajshahi

ইসলামের ঐতিহাসিক অবদান / (Record no. 41193)

MARC details
000 -LEADER
fixed length control field 01032nam a2200253 a 4500
001 - CONTROL NUMBER
control field 41193
003 - CONTROL NUMBER IDENTIFIER
rucl marc code BD-RjUL
005 - DATE AND TIME OF LATEST TRANSACTION
control field 20211209053338.0
008 - FIXED-LENGTH DATA ELEMENTS--GENERAL INFORMATION
fixed length control field 160517s1969 pk ||||| |||| 00| 0 ben d
020 ## - INTERNATIONAL STANDARD BOOK NUMBER
Terms of availability : PRs 3.00
035 ## - SYSTEM CONTROL NUMBER
System control number (BD-RjUL)41309
040 ## - CATALOGING SOURCE
Original cataloging agency BD-RjUL
Language of cataloging ben
Transcribing agency BD-RjUL
041 ## - LANGUAGE CODE
Language code of text/sound track or separate title ben
082 ## - DEWEY DECIMAL CLASSIFICATION NUMBER
Edition number 23
Author mark and year RAI 1969
Classification number 297
100 1# - MAIN ENTRY--PERSONAL NAME
Personal name রায়, মানবেন্দ্র নাথ
9 (RLIN) 126728
245 10 - TITLE STATEMENT
Title ইসলামের ঐতিহাসিক অবদান /
Statement of responsibility, etc. মানবেন্দ্র নাথ রায় ; অনুবাদ মুহম্মদ আবদুল হাই
250 ## - EDITION STATEMENT
Edition statement ৩য় সং.
260 ## - PUBLICATION, DISTRIBUTION, ETC. (IMPRINT)
Place of publication, distribution, etc. ঢাকা :
Name of publisher, distributor, etc. স্টুডেন্ট ওয়েজ,
Date of publication, distribution, etc. ১৯৬৯
300 ## - PHYSICAL DESCRIPTION
Pagination ১০৬ পৃ. ;
Size ২১ সেমি.
650 ## - SUBJECT ADDED ENTRY--TOPICAL TERM
Topical term or geographic name as entry element Islamic civilization.
9 (RLIN) 118973
Topical term or geographic name as entry element ইসলামী সভ্যতা .
9 (RLIN) 126729
700 ## - ADDED ENTRY--PERSONAL NAME
Personal name হাই, মুহম্মদ আবদুল, অনুবাদক
942 ## - ADDED ENTRY ELEMENTS (KOHA)
Source of classification or shelving scheme Dewey Decimal Classification
Koha item type Books
Holdings
Lost status Source of classification or shelving scheme Damaged status Not for loan Collection code Permanent Location Current Location Shelving location Date acquired Source of acquisition Cost, normal purchase price Total Checkouts Full call number Date last seen Copy number Koha item type
  Dewey Decimal Classification     Non-fiction Central Library, University of Rajshahi Central Library, University of Rajshahi   24/06/1970 Dhaka : Paragon Enterprise 3.00   B 297 RAI 1969 17/05/2016 C-2 Books
  Dewey Decimal Classification     Non-fiction Central Library, University of Rajshahi Central Library, University of Rajshahi   24/06/1970 Dhaka : Paragon Enterprise 3.00   B 297 RAI 1969 18/07/2016 C-3 Books